Biotechniques : (رقم التسجيلة. 31335)

تفاصيل مارك
000 -الفاتح
حقل البيانات ثابتة الطول 00584nam a2200217 a 4500
001 - رقم الضبط
رقم الضبط ASIN0198084560
003 - محدد رقم الضبط
رقم الضبط OSt
005 - وقت وتاريخ اخر تعامل مع التسجيلة
رقم الضبط 20150408114143.0
008 - عناصر البيانات ثابتة الطول - معلومات عامة
حقل البيانات ثابتة الطول 130927s2012 xxu eng d
020 ## - الرقم الدولى المعيارى للكتب
الرقم الدولى المعيارى للكتاب 9788171339938
040 ## - مصدر الفهرسة
وكالة الفهرسة الأصلية Ma-Un
082 04 - رقم تصنيف ديوى العشرى
رقم التصنيف 572.8633
100 1# - المدخل الرئيسى - إسم شخصى
الإسم الشخصى Rana S V S.
9 (RLIN) 37949
245 10 - بيان العنوان
العنوان Biotechniques :
بقية العنوان Theory and Practice /
بيان المسئوليه,etc Rana S V S.
250 ## - بيان الطبعة
بيان الطبعة 3rd. ed.
260 ## - PUBLICATION, DISTRIBUTION, ETC. (IMPRINT)
مكان الناشر او الموزع New Delhi:
اسم الناشر او الموزع RASTOGI PUBLICATIONS
تاريخ النشر أو التوزيع 2012.
300 ## - الوصف المادى
التعداد 364 p. ;
أبعاد الوعاء 25 cm.
650 #0 - المدخل الاضافى بالموضوع-مصطلح موضوعى
مصطلح موضوعي أو اسم جغرافي كعنصر مدخل Nucleotide sequence
9 (RLIN) 4843
650 #0 - المدخل الاضافى بالموضوع-مصطلح موضوعى
مصطلح موضوعي أو اسم جغرافي كعنصر مدخل Molecular cloning
9 (RLIN) 18623
942 ## - عناصر المدخل الإضافي( كوها)
مصدر التصنيف او مخطط الترفيف Dewey Decimal Classification
Koha [default] item type كتاب
المقتنيات
حالة الفقد نموذج السعر الفعال حالة تلف ليس للاعارة رقم الطلب رقم النسخة تاريخ الاكتساب الموقع الحالي الباركود الفرع الرئيسي Date last seen نوع المادة فى نظام كوها مصدر التصنيف او خطة الترفيف Total Checkouts Total Renewals Date last checked out
  2013-10-19     572.8633 RSB n1 2013-10-19 المكتبة المركزية بالمجمعة (CL) 00451207 المكتبة المركزية بالمجمعة (CL) 2013-10-19 كتاب Dewey Decimal Classification      
  2013-10-19     572.8633 RSB n2 2013-10-19 المكتبة المركزية بالمجمعة (CL) 00451205 المكتبة المركزية بالمجمعة (CL) 2018-03-14 كتاب Dewey Decimal Classification 1 1 2017-09-20
  2013-10-19   Not For Loan 572.8633 RSB n3 2013-10-19 المكتبة المركزية بالمجمعة (CL) 00451203 المكتبة المركزية بالمجمعة (CL) 2013-10-19 كتاب Dewey Decimal Classification      
  2013-10-19     572.8633 RSB n1 2013-10-19 مكتبة مجمع الكليات بالزلفى - طلاب (SZM) 00451206 مكتبة مجمع الكليات بالزلفى - طلاب (SZM) 2013-10-19 كتاب Dewey Decimal Classification      
  2013-10-19     572.8633 RSB n2 2013-10-19 مكتبة مجمع الكليات بالزلفى - طلاب (SZM) 00451204 مكتبة مجمع الكليات بالزلفى - طلاب (SZM) 2013-10-19 كتاب Dewey Decimal Classification      
  2013-10-19   Not For Loan 572.8633 RSB n3 2013-10-19 مكتبة مجمع الكليات بالزلفى - طلاب (SZM) 00451208 مكتبة مجمع الكليات بالزلفى - طلاب (SZM) 2013-10-19 كتاب Dewey Decimal Classification